Detalles MARC
| 000 -LEADER |
| fixed length control field |
02005nam a2200445Ii 4500 |
| 001 - CONTROL NUMBER |
| control field |
DIGCIDOB043 |
| 003 - CONTROL NUMBER IDENTIFIER |
| control field |
NyNyDIG |
| 006 - FIXED-LENGTH DATA ELEMENTS--ADDITIONAL MATERIAL CHARACTERISTICS |
| fixed length control field |
m o d |
| 007 - PHYSICAL DESCRIPTION FIXED FIELD--GENERAL INFORMATION |
| fixed length control field |
cr ||||||||||| |
| 008 - FIXED-LENGTH DATA ELEMENTS--GENERAL INFORMATION |
| fixed length control field |
140301s2002 sp a ob 000 0 cat d |
| 020 ## - INTERNATIONAL STANDARD BOOK NUMBER |
| Canceled/invalid ISBN |
9788487072284 |
| 020 ## - INTERNATIONAL STANDARD BOOK NUMBER |
| Canceled/invalid ISBN |
8487072283 |
| 035 ## - SYSTEM CONTROL NUMBER |
| System control number |
(OCoLC)888246178 |
| 040 ## - CATALOGING SOURCE |
| Original cataloging agency |
DGITA |
| Language of cataloging |
eng |
| Description conventions |
pn |
| Transcribing agency |
DGITA |
| 043 ## - GEOGRAPHIC AREA CODE |
| Geographic area code |
e-sp--- |
| -- |
cl----- |
| 050 14 - LIBRARY OF CONGRESS CALL NUMBER |
| Classification number |
DP302.C57 eBook |
| 245 02 - TITLE STATEMENT |
| Title |
L'Acció exterior de les Comunitats Autònomes espanyoles a l'Amèrica Llatina |
| Medium |
[electronic resource] : |
| Remainder of title |
el cas de Catalunya / |
| Statement of responsibility, etc. |
Christian Freres, Antonio Sanz, [eds.] |
| 250 ## - EDITION STATEMENT |
| Edition statement |
1. ed. |
| 264 #1 - PRODUCTION, PUBLICATION, DISTRIBUTION, MANUFACTURE, AND COPYRIGHT NOTICE |
| Place of production, publication, distribution, manufacture |
Barcelona : |
| Name of producer, publisher, distributor, manufacturer |
Fundació CIDOB : |
| -- |
Distribuido por Edicions Bellaterra, |
| Date of production, publication, distribution, manufacture, or copyright notice |
c2002. |
| 300 ## - PHYSICAL DESCRIPTION |
| Extent |
1 online resource (118 pages) |
| 336 ## - CONTENT TYPE |
| Content type term |
text |
| Content type code |
txt |
| Source |
rdacontent |
| 337 ## - MEDIA TYPE |
| Media type term |
computer |
| Media type code |
c |
| Source |
rdamedia |
| 338 ## - CARRIER TYPE |
| Carrier type term |
online resource |
| Carrier type code |
cr |
| Source |
rdacarrier |
| 500 ## - GENERAL NOTE |
| General note |
On cover: AIETI, Asociación de Investigación y Especialización sobre Temas Iberoamericanos. |
| 504 ## - BIBLIOGRAPHY, ETC. NOTE |
| Bibliography, etc. note |
Includes bibliographical references. |
| 505 0# - FORMATTED CONTENTS NOTE |
| Formatted contents note |
Presentació -- L'acció exterior de les comunitats autònomes espanyoles a l'Amèrica llatina: una visió general / Christian Freres i Antonio Sanz -- Entre la promoció econòmica i la solidaritat: l'acció exterior de Catalunya a l'Amèrica Llatina / Anna Ayuso i Francesc Bayo -- Annexos. |
| 651 #0 - SUBJECT ADDED ENTRY--GEOGRAPHIC NAME |
| Geographic name |
Catalonia (Spain) |
| General subdivision |
Relations |
| Geographic subdivision |
Latin America. |
| 651 #0 - SUBJECT ADDED ENTRY--GEOGRAPHIC NAME |
| Geographic name |
Latin America |
| General subdivision |
Relations |
| Geographic subdivision |
Spain |
| -- |
Catalonia. |
| 655 #0 - INDEX TERM--GENRE/FORM |
| Genre/form data or focus term |
Electronic books. |
| 700 1# - ADDED ENTRY--PERSONAL NAME |
| Personal name |
Freres, Christian. |
| 700 1# - ADDED ENTRY--PERSONAL NAME |
| Personal name |
Sanz, Antonio. |
| 700 1# - ADDED ENTRY--PERSONAL NAME |
| Personal name |
Ayuso, Anna. |
| 700 1# - ADDED ENTRY--PERSONAL NAME |
| Personal name |
Bayo, Francesc. |
| 710 2# - ADDED ENTRY--CORPORATE NAME |
| Corporate name or jurisdiction name as entry element |
Asociación de Investigación y Especialización sobre Temas Iberoamericanos (Madrid, Spain) |
| 791 2# - |
| -- |
Digitalia (Firm), |
| -- |
distributor. |
| 793 0# - |
| -- |
Digitalia eBook Collection: |
| -- |
Fundació CIDOB |
| 856 40 - ELECTRONIC LOCATION AND ACCESS |
| Materials specified |
Digitalia Hispánica |
| Uniform Resource Identifier |
<a href="https://www.digitaliapublishing.com/a/20707/">https://www.digitaliapublishing.com/a/20707/</a> |
| 910 ## - USER-OPTION DATA (OCLC) |
| User-option data |
Premium Collection: 2007-2012 |
| 942 ## - ADDED ENTRY ELEMENTS (KOHA) |
| Koha item type |
Recurso Electrónico |